000 00651nam a2200193Ii 4500
003 JO-AjNU
008 230605s9999||||xx |||||||||||||| ||und||
040 _aJO-AjNU
_bara
_erda
_cJO-AjNU
041 _aara
050 1 4 _aPJ7541.S242
100 3 _aعبد الصبور، صلاح,
_eauthor
_948566
245 0 0 _aقراءة جديدة لشعرنا القديم
264 3 1 _aبيروت: منشورات اقراء، د.ت
300 _a131ص
336 _atext
_btxt
_2rdacontent
337 _aunmediated
_bn
_2rdamedia
338 _avolume
_bnc
_2rdacarrier
650 4 _aالادب العربي - الشعر القديم - تاريخ ونقد
_948567
999 _aA21277
_c24845
_d24845